Diccionario de derecho marítimo : (Record no. 70146)

MARC details
000 -LEADER
campo de control de longitud fija 00864nam a2200181 i 4500
001 - NÚMERO DE CONTROL
campo de control 70146
003 - IDENTIFICADOR DE NÚMERO DE CONTROL
campo de control ES-MaACL
005 - FECHA Y HORA DE LA ÚLTIMA TRANSACCIÓN
campo de control 20230906170731.0
007 - CAMPO FIJO DE DESCRIPCIÓN FÍSICA--INFORMACIÓN GENERAL
campo de control de longitud fija t|
008 - DATOS DE LONGITUD FIJA--INFORMACIÓN GENERAL
campo de control de longitud fija 040719s1908 sp d ||||1| spa d
100 1# - ENTRADA PRINCIPAL--NOMBRE DE PERSONA
Nombre de persona García Parreño, Guillermo.
9 (RLIN) 55080
245 10 - MENCIÓN DEL TÍTULO
Título Diccionario de derecho marítimo :
Resto del título contiene todas las leyes, ordenanzas, códigos, instrucciones, reglamentos, Reales decretos, Reales órdenes..., sentencias y demás disposiciones que constituyen el derecho marítimo vigente /
Mención de responsabilidad, etc. por Guillermo Garcia-Parreño y López ; con un prólogo del Excmo. Sr. D. Tirso Rodrigañez y Sagasta.
260 ## - PUBLICACIÓN, DISTRIBUCIÓN, ETC.
Lugar de publicación, distribución, etc. Cartagena :
Nombre del editor, distribuidor, etc. [s.n.],
Fecha de publicación, distribución, etc. 1908 (
Fabricante Sociedad Levantina de Artes Gráficas)
300 ## - DESCRIPCIÓN FÍSICA
Extensión 2 v. ;
Dimensiones 25 cm.
650 #4 - PUNTO DE ACCESO ADICIONAL DE MATERIA--TÉRMINO DE MATERIA
Término de materia o nombre geográfico como elemento de entrada Derecho marítimo-
Subdivisión de forma Diccionarios.
9 (RLIN) 155913
700 1# - ENTRADA AGREGADA--NOMBRE PERSONAL
Nombre de persona Rodrigáñez y Sagasta, Tirso.
9 (RLIN) 98169
852 4# - LOCALIZACIÓN
Ubicación ES-MaACL
Número de control de estantería B-13039-40
Holdings
Estatus retirado Estado de pérdida Estado de daño No para préstamo Colección Biblioteca de origen Biblioteca actual Ubicación en estantería Fecha de adquisición Fuente de adquisición Total de préstamos Signatura topográfica completa Código de barras Visto por última vez Precio de reemplazo Tipo de ítem Koha
        Colección de referencia Biblioteca del Ateneo de Madrid Biblioteca del Ateneo de Madrid Sala Pardo Bazán 17/01/2008     B-13039-40 1073453 23/02/2023 23/02/2023 Libro impreso